000 00554nam a22001697a 4500
003 OSt
005 20120302150029.0
008 090610t xxu||||| |||| 00| 0 eng d
020 _a81-214-0343-x
035 _a५२५३
040 _cहिन्दी
100 _aयादव , राजेंद्र
_96125
245 _aयहाँ तक ( पडाव - १ )
260 _aनयी दिल्ली
_bनेशनल पब्लिशिंग हाऊस
300 _b५५९ पाने
942 _2ddc
_cBOOK
999 _c491177
_d491174